[Event "Sachsen-Anhalt-ch op"]
[Site "Magdeburg"]
[Date "2022.11.01"]
[Round "7"]
[White "Brueckner, Julian"]
[Black "Fischer, Joerg"]
[Result "1/2-1/2"]
[WhiteElo "1088"]
[BlackElo "1733"]
[PlyCount "112"]
[EventDate "2022.10.29"]
[EventType "swiss"]
[EventRounds "7"]
[EventCountry "GER"]
[SourceTitle "CBM 211 Extra"]
[Source "ChessBase"]
[SourceDate "2023.01.31"]
[SourceVersion "1"]
[SourceVersionDate "2023.01.31"]
[SourceQuality "1"]

1. e4 c5 2. Nf3 e6 3. c3 a6 4. d4 d5 5. Bd3 Nc6 6. 0-0 b5 7. a3 Bb7 8. Re1 dxe4 9. Bxe4 Nf6 10. Bc2 Be7 11. Qd3 Qc7 12. Bg5 c4 13. Qe2 Nd5 14. Bxe7 Ncxe7 15. Nbd2 Nf6 16. Ne4 Nxe4 17. Bxe4 Bd5 18. Bxd5 Nxd5 19. Nd2 0-0 20. Ne4 Qf4 21. Qh5 g6 22. Qh3 h5 23. Ng3 Nf6 24. Re3 Qg4 25. Qxg4 Nxg4 26. Rf3 Kg7 27. Ne4 Rad8 28. h3 Nh6 29. Nc5 Rd6 30. Ne4 Rd5 31. Re1 Nf5 32. Nc5 a5 33. Re4 Re8 34. Kf1 Re7 35. g4 hxg4 36. hxg4 Nd6 37. Ref4 g5 38. Rf6 b4 39. axb4 axb4 40. Ke2 e5 41. dxe5 Rdxe5+ 42. Kd2 bxc3+ 43. Kxc3 Rxc5 44. Rxd6 Rb5 45. Kxc4 Rxb2 46. Rf5 Rc7+ 47. Kd3 Rcc2 48. Rxg5+ Kf8 49. Rf6 Rxf2 50. Rxf2 Rxf2 51. Ke3 Rf6 52. Rf5 Kg7 53. Rxf6 Kxf6 54. Kf4 Kg6 55. g5 f5 56. gxf6 Kxf6 1/2-1/2

[Event "Sachsen-Anhalt-ch op"]
[Site "Magdeburg"]
[Date "2022.10.31"]
[Round "6"]
[White "Fischer, Joerg"]
[Black "Bruechner, Soeren"]
[Result "1/2-1/2"]
[WhiteElo "1733"]
[BlackElo "1623"]
[PlyCount "104"]
[EventDate "2022.10.29"]
[EventType "swiss"]
[EventRounds "7"]
[EventCountry "GER"]
[SourceTitle "CBM 211 Extra"]
[Source "ChessBase"]
[SourceDate "2023.01.31"]
[SourceVersion "1"]
[SourceVersionDate "2023.01.31"]
[SourceQuality "1"]

1. Nf3 f5 2. c4 Nf6 3. Nc3 e6 4. d4 Bb4 5. a3 Bxc3+ 6. bxc3 0-0 7. g3 b6 8. Bg2 Bb7 9. 0-0 Ne4 10. Qb3 Nc6 11. Qc2 Na5 12. h4 Nxc4 13. Ng5 Ncd6 14. Nh3 Rb8 15. a4 Nc4 16. Ng5 Nxg5 17. Bxg5 Qc8 18. Bxb7 Qxb7 19. Qa2 Qc6 20. Rfd1 d5 21. Rac1 Rbc8 22. Qb3 a6 23. Rd3 Kf7 24. Qb4 Qd6 25. Qb3 Qa3 26. Qc2 h6 27. Bf4 Qe7 28. h5 Kg8 29. Kg2 Nd6 30. Bxd6 Qxd6 31. f4 c5 32. e3 Rf7 33. Rd2 Rfc7 34. Qd3 Qc6 35. Qxa6 Ra8 36. Qb5 Rxa4 37. Rb1 cxd4 38. cxd4 Qxb5 39. Rxb5 Rc6 40. Rdb2 Ra6 41. R2b3 Kf7 42. Kf3 Ra2 43. Rb2 Rxb2 44. Rxb2 Ke7 45. g4 fxg4+ 46. Kxg4 Kd6 47. f5 Kc7 48. Kf4 exf5 49. Rg2 b5 50. Rxg7+ Kb6 51. Rg6 b4 52. Kxf5 Rxg6 1/2-1/2

[Event "Sachsen-Anhalt Verbandsliga 1920"]
[Site "Sachsen Anhalt"]
[Date "2020.03.01"]
[Round "6.8"]
[White "Nguyen, Manh Hoang"]
[Black "Fischer, Joerg"]
[Result "1/2-1/2"]
[WhiteElo "1795"]
[BlackElo "1606"]
[PlyCount "62"]
[EventDate "2019.09.29"]
[EventType "team-tourn"]
[EventRounds "9"]
[EventCountry "GER"]
[SourceTitle "EXT 2023"]
[Source "ChessBase"]
[SourceDate "2022.10.05"]
[SourceVersion "1"]
[SourceVersionDate "2022.10.05"]
[SourceQuality "1"]
[WhiteTeam "Magdeburg USC"]
[BlackTeam "Coethen Germania"]
[WhiteTeamCountry "GER"]
[BlackTeamCountry "GER"]

1. e4 c6 2. d4 d5 3. exd5 cxd5 4. c4 Nf6 5. Nc3 e6 6. Nf3 Nc6 7. Bg5 Be7 8. Ne5 0-0 9. cxd5 exd5 10. Nxc6 bxc6 11. Bd3 h6 12. Bh4 Re8 13. 0-0 Qb6 14. Rb1 Bg4 15. Qd2 Be6 16. Rfe1 Qc7 17. b4 Nh5 18. Bxe7 Rxe7 19. Na4 Rae8 20. b5 cxb5 21. Bxb5 Bd7 22. Rxe7 Rxe7 23. Bxd7 Rxd7 24. Nc5 Re7 25. g3 Nf6 26. Re1 Qd8 27. Kg2 Qe8 28. Rxe7 Qxe7 29. Qf4 Qd8 30. Qd2 Qe7 31. Qf4 Qd8 1/2-1/2

[Event "Sachsen-Anhalt Landesliga-B 1920"]
[Site "Sachsen Anhalt"]
[Date "2019.10.20"]
[Round "2.6"]
[White "Fischer, Joerg"]
[Black "Weber, Frank"]
[Result "1/2-1/2"]
[WhiteElo "1606"]
[BlackElo "1678"]
[PlyCount "42"]
[EventDate "2019.09.29"]
[EventType "team-tourn"]
[EventRounds "9"]
[EventCountry "GER"]
[SourceTitle "EXT 2023"]
[Source "ChessBase"]
[SourceDate "2022.10.05"]
[SourceVersion "1"]
[SourceVersionDate "2022.10.05"]
[SourceQuality "1"]
[WhiteTeam "Coethen Germania II"]
[BlackTeam "Granschuetz Gruen Weiss"]
[WhiteTeamCountry "GER"]
[BlackTeamCountry "GER"]

1. d4 d5 2. Nf3 Nf6 3. c4 e6 4. cxd5 exd5 5. Bg5 Be7 6. Nc3 0-0 7. Qc2 Be6 8. e3 Nbd7 9. Bd3 h6 10. Bh4 c5 11. 0-0 Rc8 12. Rac1 a6 13. a4 Re8 14. Qb1 Qa5 15. Ne5 Nxe5 16. dxe5 Ng4 17. Bg3 d4 18. exd4 cxd4 19. Ne2 Nxe5 20. Be4 Nc6 21. b3 Qb4 1/2-1/2

[Event "Sachsen-Anhalt Landesliga B 18/19"]
[Site "Sachsen Anhalt"]
[Date "2018.11.25"]
[Round "4.8"]
[White "Fischer, Joerg"]
[Black "Spangenberg, Holger"]
[Result "1/2-1/2"]
[WhiteElo "1609"]
[BlackElo "1629"]
[PlyCount "55"]
[EventDate "2018.09.23"]
[EventType "team-tourn"]
[EventRounds "9"]
[EventCountry "GER"]
[SourceTitle "EXT 2022"]
[Source "ChessBase"]
[SourceDate "2021.10.06"]
[SourceVersion "1"]
[SourceVersionDate "2021.10.06"]
[SourceQuality "1"]
[WhiteTeam "Coethen Germania II"]
[BlackTeam "Dessau II"]
[WhiteTeamCountry "GER"]
[BlackTeamCountry "GER"]

1. c4 Nf6 2. Nc3 g6 3. e4 d6 4. d4 Bg7 5. Nge2 0-0 6. Ng3 Nc6 7. Be2 e5 8. dxe5 dxe5 9. Nd5 Nd4 10. Bg5 c6 11. Nxf6+ Bxf6 12. Bh6 Qa5+ 13. Bd2 Qb6 14. Rb1 Rd8 15. Qc1 Be6 16. b3 Rd7 17. Be3 Rad8 18. 0-0 Bg7 19. Bd1 f5 20. exf5 gxf5 21. Bg5 Rf8 22. Nh5 f4 23. Nxg7 Rxg7 24. Bh6 Qc7 25. Bxg7 Qxg7 26. f3 Rf5 27. Qa3 b6 28. Qd6 1/2-1/2